MARC

Tag First Indicator Second Indicator Subfields
LEADER 00000cam a2200000 a 4500
001 in00005757913
005 20260326212130.6
006 m o d
007 cr cnu---unuuu
008 141115s1972 nyu o 000 0 eng d
040 |a EBLCP  |b eng  |e pn  |c EBLCP  |d IDEBK  |d N$T  |d YDXCP  |d OCLCF  |d OPELS  |d OCL  |d OCLCQ  |d DEBSZ  |d OCLCQ  |d MERUC  |d OCLCQ  |d COM  |d OCLCO  |d OCLCQ  |d OCLCO  |d OCLCL  |d OCLCQ  |d OCLCL 
019 |a 893433696  |a 902311373 
020 |a 9781483181561  |q (electronic bk.) 
020 |a 1483181561  |q (electronic bk.) 
020 |z 9780080171845 
020 |z 0080171842 
035 |a (OCoLC)895430597  |z (OCoLC)893433696  |z (OCoLC)902311373 
050 4 |a QC318.T47 
072 7 |a SCI  |x 065000  |2 bisacsh 
082 0 4 |a 536/.7  |2 23 
049 |a TXAM 
100 1 |a Morrill, Bernard. 
245 1 0 |a Solution manual for an introduction to equilibrium thermodynamics /  |c Bernard Morrill, Professor of Mechanical Engineering, Swarthmore College. 
264 1 |a New York :  |b Pergamon Press,  |c 1972. 
300 |a 1 online resource (60 pages) 
336 |a text  |b txt  |2 rdacontent 
337 |a computer  |b c  |2 rdamedia 
338 |a online resource  |b cr  |2 rdacarrier 
588 0 |a Online resource; title from PDF title page (Ebsco, viewed Feb. 26, 2015). 
650 0 |a Thermodynamic equilibrium  |v Problems, exercises, etc. 
650 6 |a Équilibre thermodynamique  |v Problèmes et exercices. 
650 7 |a SCIENCE  |x Mechanics  |x Thermodynamics.  |2 bisacsh 
650 7 |a Thermodynamic equilibrium  |2 fast 
655 7 |a Electronic books.  |2 local 
655 2 |a Problems and Exercises 
655 7 |a exercise books.  |2 aat 
655 7 |a Problems and exercises  |2 fast 
655 7 |a Problems and exercises.  |2 lcgft 
655 7 |a Problèmes et exercices.  |2 rvmgf 
710 2 |a ScienceDirect (Online service) 
730 0 |a Introduction to equilibrium thermodynamics. 
758 |i has work:  |a Solution manual for an introduction to equilibrium thermodynamics (Text)  |1 https://id.oclc.org/worldcat/entity/E39PCGFTJCPyxQcXjtp3bY8FXd  |4 https://id.oclc.org/worldcat/ontology/hasWork 
776 0 8 |i Print version:  |a Morrill, Bernard.  |t Solution Manual for an Introduction to Equilibrium Thermodynamics.  |z 9780080171845 
856 4 0 |u http://proxy.library.tamu.edu/login?url=https://www.sciencedirect.com/science/book/9780080171845  |z Connect to the full text of this electronic book  |t 0 
955 |a Elsevier ScienceDirect 2026-2027 
994 |a 92  |b TXA 
999 f f |i ef87c526-94cc-4e16-8b56-7d66d7fc3b62  |s 725db300-af68-4ab5-80b6-5bbd0be25916  |t 0 
952 f f |a Texas A&M University  |b College Station  |c Electronic Resources  |s www_evans  |d Available Online  |t 0  |e QC318.T47   |h Library of Congress classification 
998 f f |a QC318.T47   |t 0  |l Available Online